Statistics for Guilty Gear characters

Click here to take the quiz!

General Stats

  • This quiz has been taken 318 times
    (241 since last reset)
  • The average score is 27 of 42

Answer Stats

First appearanceCharacter% Correct
Guilty GearSol Badguy
95%
Guilty GearMay
90%
Guilty GearKy Kiske
87%
Guilty Gear X2Bridget
85%
Guilty GearPotemkin
83%
Guilty GearTestament
83%
Guilty GearBaiken
82%
Guilty GearFaust / Dr Baldhead
79%
Guilty Gear Xrd -Revelator-Jack-O' Valentine
78%
Guilty Gear XJohnny
78%
Guilty Gear 2: OvertureSin
78%
Guilty GearZato-1 / Eddie
77%
Guilty Gear StriveHappy Chaos
76%
Guilty Gear Xrd -Sign-Ramlethal Valentine
76%
Guilty GearAxl Low
75%
Guilty Gear XDizzy
75%
Guilty GearChipp Zanuff
74%
Guilty Gear X2I-No
74%
Guilty Gear Xrd -Sign-Bedman
73%
Guilty Gear StriveGoldlewis Dickinson
73%
Guilty Gear StriveGiovanna
72%
Guilty Gear Xrd -Sign-Leo Wolfgang
71%
Guilty GearMillia Rage
69%
Guilty GearJustice
66%
Guilty Gear Xrd -Sign-Elphelt Valentine
63%
Guilty Gear XAnji Mito
62%
Guilty Gear XJam Kuradoberi
60%
Guilty Gear StriveNagoriyuki
60%
Guilty Gear X2Slayer
59%
Guilty Gear XRobo-Ky / Robo-Ky Mk II
55%
Guilty Gear 2: OvertureRaven
53%
Guilty Gear IsukaA.B.A
51%
Guilty Gear Xrd -Revelator-Answer
51%
Guilty Gear XVenom
51%
Guilty GearKliff Undersn
49%
Guilty Gear 2: OvertureValentine
49%
Guilty Gear X2 SlashOrder-Sol
47%
Guilty Gear Xrd -Revelator-Kum Haehyun
44%
Guilty Gear X2Zappa
40%
Guilty Gear PetitFanny
28%
Guilty Gear 2: OvertureDr Paradigm
24%
Guilty Gear 2: OvertureIzuna
24%

Score Distribution

Percentile by Number Answered

Percent of People with Each Score

Your Score History

You have not taken this quiz since the last reset